The Christian Parthenon (Record no. 577733)

MARC details
000 -LEADER
fixed length control field 00553nam a2200169Ia 4500
008 - FIXED-LENGTH DATA ELEMENTS--GENERAL INFORMATION
fixed length control field 250728s9999 xx 000 0 und d
020 ## - INTERNATIONAL STANDARD BOOK NUMBER
ISBN 9780521882286
082 ## - DEWEY DECIMAL CLASSIFICATION NUMBER
Classification number 949.51202
Item number KAL
100 ## - MAIN ENTRY--AUTHOR NAME
Personal name Kaldellis, Anthony
245 #4 - TITLE STATEMENT
Title The Christian Parthenon
260 ## - PUBLICATION, DISTRIBUTION, ETC. (IMPRINT)
Name of publisher Cambridge University Press
Year of publication 2009
300 ## - PHYSICAL DESCRIPTION
Number of Pages 253 pages
500 ## - GENERAL NOTE
General note Examines the history of Byzantine Athens, and especially the Parthenon, which became a Christian church and major site of pilgrimage.
650 ## - SUBJECT ADDED ENTRY--TOPICAL TERM
Topical Term Architecture
942 ## - ADDED ENTRY ELEMENTS (KOHA)
Koha item type English Books
Holdings
Withdrawn status Lost status Damaged status Not for loan Home library Current library Shelving location Date acquired Full call number Accession Number Price effective from Koha item type
        Anna Centenary Library Anna Centenary Library 7TH FLOOR, B WING 28.07.2025 949.51202 KAL 245956 28.07.2025 English Books

Find us on the map